Píseň mrtvých /
Další kriminální román, který vyšetřuje komisařka Katie Maguirová.
Uloženo v:
| Série: | Případy komisařky Katie Maguirové,
část 9 |
|---|---|
| Hlavní autor: | |
| Další autoři: | |
| Médium: | E-kniha |
| Jazyk: | Czech |
| Vydáno: |
Brno :
Host,
2022
|
| Vydání: | První vydání |
| Témata: | |
| Příbuzné jednotky: | Z cyklu::
Případy komisařky Katie Maguirové |
| Tagy: |
Žádné tagy |
| LEADER | 02607nam a2200469 i 4500 | ||
|---|---|---|---|
| 001 | 311742 | ||
| 003 | CZ PrSKC | ||
| 005 | 20260601215711.0 | ||
| 007 | ta | ||
| 008 | 220817s2022 xr g 000 f cze | ||
| 015 | |a cnb003442968 | ||
| 020 | |a 9788027511105 |q (vázáno) | ||
| 035 | |a (OCoLC)1357140183 | ||
| 040 | |a ABG001 |b cze |d ABA001 |e rda | ||
| 041 | 1 | |a cze |h eng | |
| 072 | 7 | |a 821.111-3 |x Anglická próza, anglicky psaná |2 Konspekt | |
| 080 | |a 821.111-31 |2 MRF | ||
| 080 | |a (0:82-312.4) |2 MRF | ||
| 100 | 1 | |a Masterton, Graham, |d 1946- |7 jn19990005473 |4 aut | |
| 240 | 1 | 0 | |a Dead men whistling. |l Česky |
| 245 | 1 | 0 | |a Píseň mrtvých / |c Graham Masterton ; přeložila Radka Klimičková |
| 250 | |a První vydání | ||
| 264 | 1 | |a Brno : |b Host, |c 2022 | |
| 300 | |a 445 stran ; |c 21 cm | ||
| 336 | |a text |b txt |2 rdacontent | ||
| 337 | |a bez média |b n |2 rdamedia | ||
| 338 | |a svazek |b nc |2 rdacarrier | ||
| 500 | |a Přeloženo z angličtiny | ||
| 520 | 2 | |a Další kriminální román, který vyšetřuje komisařka Katie Maguirová. |b Seržant irské Gardy, který měl svědčit ve velkém procesu vyšetřujícím korupci v policejním sboru, je nalezen mrtvý, bez hlavy a s irskou flétnou zaraženou do krku. Tato vražda posílá všem potenciálním donašečům jasný vzkaz -- když nebudete mlčet, skončíte stejně. Kromě vyšetřování tohoto děsivého zločinu se komisařka Katie Maguirová snaží dopadnout stále mocnější drogový gang, který vede jeden z nejnebezpečnějších dealerů v Corku. Po počátečních úspěších se však případ zkomplikoval a Katie se ocitá pod ještě větším tlakem. Nakladatelská anotace. Kráceno. | |
| 655 | 7 | |a anglické romány |7 fd131814 |2 czenas | |
| 655 | 7 | |a detektivní romány |7 fd132010 |2 czenas | |
| 655 | 7 | |a thrillery (romány) |7 fd184206 |2 czenas | |
| 655 | 9 | |a English fiction |2 eczenas | |
| 655 | 9 | |a detective novels |2 eczenas | |
| 655 | 9 | |a thrillers (novels) |2 eczenas | |
| 700 | 1 | |a Klimičková, Radka |7 hka2015853804 |4 trl | |
| 787 | 0 | 8 | |i Z cyklu: |t Případy komisařky Katie Maguirové |g 9 |
| 900 | |a ABA001 |b 20 | ||
| 044 | |a xr | ||
| 910 | |a RBIT002 | ||
| 998 | |d 363044 |a https://core.palmknihy.cz/api/books/363044/cover?rl1cqv |b https://core.palmknihy.cz/api/books/363044/cover/400?rl1cqv |c https://core.palmknihy.cz/api/books/363044/cover/50?rl1cqv |e 2027-12-18 |g 447 |i 9788027511105 |j https://core.palmknihy.cz/api/books/363044/preview.epub |k https://core.palmknihy.cz/api/books/363044/preview.pdf |l |q 49 |r 1 |s https://www.palmknihy.cz/kniha/363044 |t ebook |y 2022 |z 0 |v Případy komisařky Katie Maguirové |w 9 | ||
| 999 | |d 311740 | ||